000 00526nam a2200181Ia 4500
005 20250508155400.0
008 008 250505s9999 xx 000 0 eng d
037 _aBooks to be hide in OPAC
040 _aFEDL
_beng
_cFEDL
041 _aeng
_2eng
084 _a620, WIL/O
_qFEDL
100 _aWilliams G
245 0 _aWorkshop calculations for machine tool operators
260 _aAmbala, India
_bThe English Book Depot
_c1960
300 _avi,173p.
942 _cHB
_h620, WIL/O
999 _c1356373
_d1356373